Ładuje się......
Hadbook of Physiology
| 1. autor: | |
|---|---|
| Format: | Printed Book |
| LEADER | 00294 a2200085 4500 | ||
|---|---|---|---|
| 100 | |a Agarwala,G C | ||
| 245 | |a Hadbook of Physiology | ||
| 300 | |a 385 p. | ||
| 999 | |c 279748 |d 279748 | ||
| 952 | |0 0 |1 0 |2 ddc |4 0 |6 612AGA_H |7 0 |9 316394 |a CHS |b CHS |c ST1 |d 2010-08-19 |i 1592 |l 5 |o 612AGA/H |p CHS1592 |r 2017-01-06 |s 2016-11-10 |w 2018-08-16 |y BK | ||